000 00300nam a22001097a 4500
008 230627b xxu||||| |||| 00| 0 eng d
082 _a338.888
_bNGU 1978
245 _aReadings on the Multinational Corporation in Kenya
260 _bOxford University Press
_c1978
300 _aX,315p
942 _2ddc
_cBK
999 _c2938
_d2938